Más y mejor protección social para Chile: memoria 2006-2010

Guardat en:
Dades bibliogràfiques
Autor corporatiu: Ministerio de Planificación (autor)
Format: Llibre
Idioma:espanyol
Publicat: Santiago, Chile MIDEPLAN 2010
Matèries:
Etiquetes: Afegir etiqueta
Sense etiquetes, Sigues el primer a etiquetar aquest registre!

MARC

LEADER 00000nam a2200000 a 4500
001 UCG0424
003 CL-VaPUC
005 20210630001440.0
008 100325e20100000CL |||||||||||||||||spa|d
999 |c 340063  |d 340061 
040 |c Pontificia Universidad Católica de Valparaíso 
082 0 4 |a 362.72 MIN 2010  |2 21 
110 2 |a Ministerio de Planificación  |e autor  |9 547839 
245 1 0 |a Más y mejor protección social para Chile:  |b  memoria 2006-2010 
260 0 3 |a Santiago, Chile  |b MIDEPLAN  |c 2010 
300 |a 187 páginas 
583 |a last modification  |c 20121217 08:15:17  |k Rodrigo Vera 
650 0 |a Políticas sociales  |v Trabajo social   |x Gestión pública  |9 358116 
650 0 |a Acción gubernamental  |9 576083  |v Protección social  |x Acción social 
942 |c BK  |2 ddc 
945 |d 20100325 00:00:00  |a rbrito 
952 |0 0  |1 0  |2 ddc  |4 0  |6 362_720000000000000_MIN_2010  |7 0  |8 R  |9 434441  |a BIBGIM  |b BIBGIM  |d 2019-11-22  |i 4654269  |o 362.72 MIN 2010  |p 4654269  |r 2025-01-15  |t 1  |w 2019-11-22  |y BK_R  |k SSL